=LDR 00000nam 2200000 4500 =001 NUTBA000000000001805 =005 20140519143654.0 =006 =007 =008 =020 ##$$a 978-979-27-9653-7 =035 ##$$a 0010-051400000000270 =040 ##$$a Ind =082 ##$$a 813. 083 =090 ##$$a 813. 083$bWon a =100 ##$$a Wong Kim Hoh =245 ##$$a A life less ordinary$bKehidupan orang-orang Biasa yang luar biasa$cWong kim hoh =260 ##$$a Jakarta$bGramedia$c2011. =300 ##$$a Xi,249 HLm$bIlus$c21 cm. =850 ##$$a NBPNMAT =990 ##$$a 21103609 =990 ##$$a 21400473/BPAP-NTB/2014